00360nam a2200133 a 450008200150000010000260001524500370004126000460007830000090012450000350013350500100016865000220017870000260020000a261.2bADD aAddison, James Thayer aChristian Approach to the Moslem aNew YorkbColumbia University Pressc1942 a365p aincludes index and biblioraphy2 aIndex aEvangelistic Work1 aAddison, James Thayer